LEADER 01062nam0-22003371i-450- 001 990006408380403321 005 20000209 010 $a0-7923-3423-X 035 $a000640838 035 $aFED01000640838 035 $a(Aleph)000640838FED01 035 $a000640838 100 $a20000209d1995----km-y0itay50------ba 101 0 $aeng 102 $aNL$aUS$aGB 105 $ay-------001yy 200 1 $aThird party dispute settlment in an interdependent world$edeveloping a theoretical framework$fMarcel M. T. A. Brus 210 $aDordrecht$aBoston$aLondon$cMartinus Nijhoff$d1995 215 $aVI, 262 p.$d25 cm 225 1 $aDevelopments in international law$vvol. 19 320 $aBibliografia: p.234-255 676 $a341.52$v20$zit 700 1$aBrus,$bMarcel M. T. A.$0241105 801 0$aIT$bUNINA$gRICA$2UNIMARC 901 $aBK 912 $a990006408380403321 952 $aX E 163$b38176*$fFGBC 952 $aX M 275$b30796*$fFGBC 959 $aFGBC 996 $aThird party dispute settlment in an interdependent world$9660863 997 $aUNINA LEADER 01427nam 2200337Ia 450 001 996385318303316 005 20200824132216.0 035 $a(CKB)4940000000074555 035 $a(EEBO)2248535994 035 $a(OCoLC)ocm12009110e 035 $a(OCoLC)12009110 035 $a(EXLCZ)994940000000074555 100 $a19850508d1643 uy | 101 0 $aeng 135 $aurbn||||a|bb| 200 14$aThe song of Moses, the servant of God, and the song of the Lambe$b[electronic resource] $eopened in a sermon preached to the Honorable House of Commons at their late solemne day of thanksgiving, June 15, 1643 : for the discovery of a dangerous, desperated, and bloudy designe, tending to the utter subversion of the Parliament and of the famous city of London /$fby Stephen Marshall .. 210 $aLondon $cPrinted for Sam. Man and Sam. Gellibrand ...$d1643 215 $a[4], 48 p 300 $aReproduction of original in Thomason Collection, British Library. 330 $aeebo-0158 607 $aGreat Britain$xPolitics and government$y1642-1649$vSermons 607 $aGreat Britain$xHistory$yCivil War, 1642-1649$vSermons 700 $aMarshall$b Stephen$f1594?-1655.$01001459 801 0$bEAA 801 1$bEAA 801 2$bm/c 801 2$bWaOLN 906 $aBOOK 912 $a996385318303316 996 $aThe song of Moses, the servant of God, and the song of the Lambe$92398189 997 $aUNISA